000 00529nam a2200217 a 4500
999 _c4220
_d4220
001 4220
003 BD-JhCC
005 20171126092653.0
008 171125b1945 enka|||| ||a| 000 0 eng d
035 _a(BD-JhCC)4220
040 _aBD-JhCC
_dBD-JhCC
041 _aeng
082 _a709.41
_bFIN 1945
100 _aFinlay, Ian
245 _aScottish art /
_cIan Finlay
260 _aLondon :
_bThe British Council,
_c1945.
300 _a41 p. :
_c20 cm.
_billu;
650 _aArt
_zScottish
942 _2ddc
_cBK